[Event "Cilacap MPCNI"]
[Site "Cilacap"]
[Date "2017.12.28"]
[Round "6"]
[White "Nasution, Mj Abed"]
[Black "Prayitno, Sugeng"]
[Result "1-0"]
[WhiteElo "2279"]
[BlackElo "2325"]
[PlyCount "59"]
[EventDate "2017.12.26"]
[EventType "tourn"]
[EventRounds "9"]
[EventCountry "INA"]
[SourceTitle "CBM 182 Extra"]
[Source "ChessBase"]
[SourceDate "2018.02.23"]
[SourceVersion "1"]
[SourceVersionDate "2018.02.23"]
[SourceQuality "1"]

1. d4 Nf6 2. c3 e6 3. Nd2 Be7 4. e4 d6 5. Bd3 h6 6. Ne2 b6 7. f4 0-0 8. Nf3 Ba6 9. 0-0 Bxd3 10. Qxd3 Qc8 11. e5 Nh7 12. Ng3 g6 13. Ne2 Qa6 14. Qc2 c5 15. Be3 Nc6 16. a3 Rfd8 17. g4 dxe5 18. fxe5 Ng5 19. Nxg5 Bxg5 20. Bxg5 hxg5 21. Rf6 cxd4 22. cxd4 Nxd4 23. Nxd4 Rxd4 24. Raf1 Rd7 25. Rxg6+ fxg6 26. Qxg6+ Rg7 27. Qxe6+ Kh7 28. Rf6 Kh8 29. Rh6+ Rh7 30. Qf6+ 1-0